| 000 | 01013cab a2200301 4500 | ||
|---|---|---|---|
| 001 | ABS54077 | ||
| 008 | 090401t1995 xxu||||| |||| 00| 0 eng d | ||
| 035 | _a(Sirsi) u8332 | ||
| 041 | _aeng | ||
| 245 | _aPartnering: all together now | ||
| 260 | _c1995 | ||
| 350 | _a0 | ||
| 490 |
_aBuilding Services _v17(11) November 1995, 31-34(4) |
||
| 520 | _aExamines the benefits, pitfalls and contract law of both long-term and short-term partnering arrangements, with particular reference to a study by Reading University "Trusting the Team". | ||
| 650 | _aCOMPETITION ACT 1980 | ||
| 650 | _aCONTRACT LAW | ||
| 650 |
_aContracts _96232 |
||
| 650 | _aLATHAM REFORMS | ||
| 650 | _aPARTNERING | ||
| 650 | _aPROJECT PARTNERING | ||
| 650 | _aRESTRICTIVE TRADE PRACTICES ACT 1976 | ||
| 650 | _aSTRATEGIC PARTNERING | ||
| 650 | _aTRANSFER OF UNDERTAKINGS (PROTECTION OF EMPLOYMENT) REGULATIONS 1981 | ||
| 690 | _aBUILT ENVIRONMENT | ||
| 690 | _aPROFESSIONAL PRACTICE | ||
| 942 | _n0 | ||
| 948 | _c04/03/1997 | ||
| 999 |
_c5115 _d5115 |
||